000 00683nam a22001935i 4500
001 171707
003 ES-MaACL
005 20230906214714.0
008 090526s1961 sp |||| | spa d
080 _a821.134.2-32"19"
100 1 _aSoler y Cajal, Agustín.
_9140351
245 1 3 _aLa balada del perro muerto :
_b(historias sin importancia) /
_cAgustín Soler y Cajal.
260 _aZaragoza :
_b[s.n.],
_c1961 (
_fGráf. La Editorial)
300 _a165 p., 12 h. de lám. ;
_c22 cm.
490 1 _aCoso aragonés del ingenio ;
_v16. Alcorce ;
_v6
830 1 _aCoso aragonés del ingenio ;
_v16. Alcorce ;
_v6
_9223202
852 _aES-MaACL
_jC-20665
999 _c171707
_d171707